| Tag |
First Indicator |
Second Indicator |
Subfields |
| LEADER |
00000cam a2200000 a 4500 |
| 001 |
in00000028844 |
| 005 |
20151007054719.0 |
| 008 |
830623s1983 nyuab 00000 eng d |
| 035 |
|
|
|a (OCoLC)09637626
|
| 035 |
|
|
|9 AAB6022AM
|
| 040 |
|
|
|a OKT
|c OKT
|d OCL
|d VPI
|d m/c
|d TXA
|d UtOrBLW
|
| 043 |
|
|
|a n-us---
|
| 049 |
|
|
|a TXAM
|c [A12642865]
|
| 050 |
|
4 |
|a TN173
|b .O66 1983
|
| 082 |
0 |
4 |
|a 622.023
|a O62
|
| 245 |
0 |
0 |
|a Opportunities for a career in mining & metallurgy /
|c Nickolas J. Themelis, editor.
|
| 264 |
|
1 |
|a New York :
|b Mining and Metallurgical Society of America,
|c [1983]
|
| 264 |
|
4 |
|c ©1983
|
| 300 |
|
|
|a iv, 168 pages :
|b illustrations, maps ;
|c 28 cm.
|
| 336 |
|
|
|a text
|b txt
|2 rdacontent
|
| 337 |
|
|
|a unmediated
|b n
|2 rdamedia
|
| 338 |
|
|
|a volume
|b nc
|2 rdacarrier
|
| 650 |
|
0 |
|a Metallurgy
|x Study and teaching (Higher)
|z United States.
|
| 650 |
|
0 |
|a Metallurgy
|x Vocational guidance.
|
| 650 |
|
0 |
|a Mining engineering
|x Vocational guidance.
|
| 650 |
|
0 |
|a Mining schools and education
|z United States.
|
| 700 |
1 |
|
|a Themelis, Nickolas J.,
|d 1933-
|
| 740 |
0 |
|
|a Mining and metallurgy.
|
| 740 |
0 |
|
|a Mining & metallurgy.
|
| 999 |
|
|
|a MARS
|
| 999 |
f |
f |
|s 801d01d6-da6a-3f90-8772-8b82cfce3044
|i 418071f7-d25d-31b1-af91-f061e0ee3c4a
|t 0
|
| 952 |
f |
f |
|p ric
|a Texas A&M University
|b Rellis Campus
|c Joint Library Facility
|d Remote Storage
|t 0
|e TN173 .O66 1983
|h Library of Congress classification
|i unmediated -- volume
|m A14812642865
|
| 998 |
f |
f |
|a TN173 .O66 1983
|t 0
|l Remote Storage
|